000 00593nam a2200253Ia 4500
003 OSt
005 20220912152928.0
006 a|||||r|||| 00| 0
007 ta
008 220909b |||||||| |||| 00| 0 eng d
024 _a30273
037 _cTextual
040 _aCSL
_beng
_cCSL
041 _aeng
082 _aB37:1-1, K0
100 _aKestelman H
245 0 _aModern theories of integration
260 _c1960
300 _ap.
_ccm.
650 _a Integral
650 _aMathematics
942 _hB37:1-1, K0
_cTEXL
_2CC
999 _c94063
_d94063